Lugares e imaginarios en la metrópolis

Gespeichert in:
Bibliographische Detailangaben
Hauptverfasser: Lindón Villoria, Alicia (autora), Aguilar, Miguel Angel (VerfasserIn), Hiernaux Nicolas, Daniel (VerfasserIn)
Format: Buch
Sprache:Spanisch
Veröffentlicht: Barcelona Anthropos 2006
Ausgabe:1a. ed
Schriftenreihe:Cuadernos A. Temas Innovación Social, 22
Schlagworte:
Tags: Tag hinzufügen
Keine Tags, Fügen Sie den ersten Tag hinzu!

MARC

LEADER 00000nam a2200000 a 4500
001 UCJ2742
003 CL-VaPUC
008 070112e20060000SP |||||||||||||||||spa|d
020 |a 8476587775 
082 0 4 |a 711.4  |b LIN  |2 21 
100 |a Lindón Villoria, Alicia  |e autora  |9 587286 
700 0 |a Aguilar, Miguel Angel  |e author  |9 503674 
700 |a Hiernaux Nicolas, Daniel  |e author  |9 587288 
245 1 0 |a Lugares e imaginarios en la metrópolis 
250 |a 1a. ed 
300 |a 219 p 
942 |c BK 
945 |d 20070112 00:00:00  |a jtorresc 
260 |a Barcelona  |b Anthropos  |c 2006 
650 0 |a Urbanismo  |9 255208 
650 0 |a Ciudades  |9 265474 
650 0 |a Sociología urbana  |9 268099 
583 |a last modification  |c 20070112 00:00:00  |k Rodrigo Vera 
490 0 |a Cuadernos A. Temas Innovación Social, 22 
999 |c 318875  |d 318873 
952 |0 0  |1 0  |4 0  |6 711_400000000000000_LIN_2006  |7 0  |8 A  |9 397071  |a BIBGIM  |b BIBGIM  |d 2019-11-22  |i 4311485  |o 711.4 LIN 2006  |p 4311485  |r 2025-01-15  |w 2019-11-22  |y BK  |k SSL